[Event "GER-chT U20"]
[Site "Magdeburg"]
[Date "2023.12.29"]
[Round "5.7"]
[White "Schoenherr, Stijn"]
[Black "Haug, Mara"]
[Result "0-1"]
[WhiteElo "1295"]
[BlackElo "1691"]
[PlyCount "78"]
[EventDate "2023.12.26"]
[EventType "team-swiss"]
[EventRounds "7"]
[EventCountry "GER"]
[SourceTitle "CB03_2024"]
[SourceDate "2024.01.17"]
[SourceVersion "1"]
[SourceVersionDate "2024.01.17"]
[SourceQuality "1"]
[WhiteTeam "Magdeburg USC"]
[BlackTeam "Karlsruhe SF"]
[WhiteTeamCountry "GER"]
[BlackTeamCountry "GER"]

1. e4 c5 2. Nc3 Nc6 3. g3 g6 4. Bg2 Bg7 5. Nge2 d6 6. 0-0 Nf6 7. d3 Bd7 8. f4 Qc8 9. Kh1 h5 10. h4 0-0 11. Ng1 Bg4 12. Nf3 Nd4 13. Kh2 b5 14. Ne2 Nxf3+ 15. Bxf3 Bxf3 16. Rxf3 Rb8 17. f5 Qd7 18. Bg5 Ng4+ 19. Kg1 Bxb2 20. Rb1 Bg7 21. c3 Kh7 22. Qf1 Ne5 23. fxg6+ fxg6 24. Rxf8 Rxf8 25. Nf4 a6 26. Qg2 Nf7 27. Nd5 Nxg5 28. hxg5 e6 29. Nf4 Bxc3 30. Qh3 Qf7 31. Kh1 Be5 32. Rf1 Qe7 33. Qh4 Bxf4 34. gxf4 d5 35. Rc1 Qc7 36. e5 c4 37. dxc4 bxc4 38. Qg3 Qb7 39. Qe3 d4+ 0-1

[Event "GER-chT Lands U20"]
[Site "Hannover"]
[Date "2023.10.03"]
[Round "5"]
[White "Haug, Mara"]
[Black "Dodul, Alice"]
[Result "1/2-1/2"]
[WhiteElo "1728"]
[BlackElo "1414"]
[PlyCount "142"]
[EventDate "2023.10.01"]
[EventType "team-swiss"]
[EventRounds "7"]
[EventCountry "GER"]
[SourceTitle "EXT 2024"]
[Source "ChessBase"]
[SourceDate "2023.10.10"]
[SourceVersion "1"]
[SourceVersionDate "2023.10.10"]
[SourceQuality "1"]

1. e4 e5 2. Nc3 Nc6 3. g3 Bc5 4. Bg2 Nf6 5. Nge2 d6 6. h3 a6 7. 0-0 Be6 8. d3 h6 9. Kh2 Qd7 10. f4 Qe7 11. a3 g5 12. f5 Bd7 13. b4 Bb6 14. Kh1 Qd8 15. Bd2 Qe7 16. Qc1 Nd4 17. Nxd4 Bxd4 18. Rb1 Qd8 19. Ne2 Ba7 20. Be3 Bxe3 21. Qxe3 Bc6 22. Nc3 Qd7 23. Ra1 b5 24. Ne2 Rg8 25. Rad1 Qe7 26. Rc1 Qd7 27. Rfd1 Qe7 28. Kh2 Rh8 29. c3 Rc8 30. Rc2 Ra8 31. Rdc1 Rc8 32. c4 Rg8 33. Rc3 Rh8 34. Ra1 Qd7 35. cxb5 axb5 36. Rac1 Bb7 37. d4 c6 38. Rd1 Qe7 39. Rcd3 Kf8 40. dxe5 dxe5 41. Qb6 Kg7 42. Nc1 Ra8 43. Bf3 Ra6 44. Qe3 Raa8 45. Kg2 Rhe8 46. h4 g4 47. Be2 Qc7 48. Rc3 Rec8 49. Bxb5 Qe7 50. Bc4 c5 51. Bd5 cxb4 52. axb4 Nxd5 53. exd5 f6 54. Rxc8 Rxc8 55. Qe4 h5 56. Nb3 Ra8 57. Na5 Qd7 58. Kh2 Qb5 59. Nxb7 Ra2+ 60. Kh1 Qxb7 61. Rc1 Rd2 62. Rc5 Rd4 63. Qc2 Qxb4 64. Rc7+ Kh6 65. Rc3 Rxd5 66. Qc1+ Kg7 67. Rc7+ Kg8 68. Rc8+ Kf7 69. Rc7+ Kg8 70. Rc8+ Kf7 71. Rc7+ Kg8 1/2-1/2

[Event "GER-chT Christmas U20 Girls"]
[Site "Playchess.com INT"]
[Date "2020.12.29"]
[Round "1.3"]
[White "Haug, Mara"]
[Black "Arnhold, Steffi"]
[Result "0-1"]
[WhiteElo "1379"]
[BlackElo "2031"]
[PlyCount "56"]
[EventDate "2020.12.29"]
[EventType "team-swiss (blitz)"]
[EventRounds "7"]
[EventCountry "GER"]
[SourceTitle "CBM 200 Extra"]
[Source "ChessBase"]
[SourceDate "2021.03.31"]
[SourceVersion "1"]
[SourceVersionDate "2021.03.31"]
[SourceQuality "1"]
[WhiteTeam "Karlsruhe"]
[BlackTeam "Regensburg Bavaria"]
[WhiteTeamCountry "GER"]
[BlackTeamCountry "GER"]

1. e4 c5 2. Nf3 e6 3. d4 cxd4 4. Nxd4 a6 5. Nc3 Qc7 6. Be2 Nf6 7. 0-0 d6 8. Be3 Nbd7 9. f4 Be7 10. Bf3 0-0 11. Qe2 Rb8 12. Rad1 b5 13. a3 Bb7 14. Qf2 Nc5 15. e5 dxe5 16. fxe5 Qxe5 17. Bxb7 Rxb7 18. Bf4 Qh5 19. Nc6 Nce4 20. Nxe4 Nxe4 21. Qe3 Bc5 22. Nd4 Nf6 23. Kh1 Ng4 24. Qe4 Rd7 25. Nf3 Rxd1 26. Rxd1 Nf2+ 27. Kg1 Nxe4+ 28. Nd4 Qxd1# 0-1

[Event "GER-chT Christmas U20 Girls"]
[Site "Playchess.com INT"]
[Date "2020.12.29"]
[Round "3.3"]
[White "Haug, Mara"]
[Black "Clarke Griebsch, Elisa"]
[Result "1-0"]
[WhiteElo "1379"]
[BlackElo "966"]
[PlyCount "103"]
[EventDate "2020.12.29"]
[EventType "team-swiss (blitz)"]
[EventRounds "7"]
[EventCountry "GER"]
[SourceTitle "CBM 200 Extra"]
[Source "ChessBase"]
[SourceDate "2021.03.31"]
[SourceVersion "1"]
[SourceVersionDate "2021.03.31"]
[SourceQuality "1"]
[WhiteTeam "Karlsruhe"]
[BlackTeam "Garching II"]
[WhiteTeamCountry "GER"]
[BlackTeamCountry "GER"]

1. e4 e5 2. Nf3 Nc6 3. Bc4 Bc5 4. 0-0 d6 5. h3 Bd7 6. Nc3 Nf6 7. d3 0-0 8. Bg5 a6 9. Nd5 h6 10. Nxf6+ Kh8 11. Nxd7 Qxd7 12. Bd2 Nd4 13. Nxd4 Bxd4 14. c3 Bc5 15. Qf3 b5 16. Bd5 c6 17. Bb3 a5 18. d4 a4 19. dxc5 axb3 20. cxd6 Qxd6 21. Qe3 bxa2 22. b4 Rfd8 23. Bc1 Qd3 24. Re1 Qxe3 25. Bxe3 Rd3 26. Rec1 Ra3 27. Bc5 Rdxc3 28. Rxc3 Rxc3 29. Rxa2 Rc1+ 30. Kh2 Re1 31. f3 g5 32. Ra7 h5 33. Rxf7 h4 34. Rf6 g4 35. hxg4 Kg7 36. Rxc6 Kf7 37. Rb6 Ke8 38. Rxb5 Kd7 39. Bf8 Kc6 40. Rxe5 Kb6 41. Be7 Kc6 42. Bxh4 Kd6 43. Bxe1 Kxe5 44. b5 Kd6 45. g5 Kc5 46. g6 Kxb5 47. g7 Kc4 48. g8Q+ Kd3 49. Qd5+ Ke3 50. Qc5+ Ke2 51. Qf2+ Kd1 52. Qd2# 1-0

[Event "GER-chT Christmas U20 Girls"]
[Site "Playchess.com INT"]
[Date "2020.12.29"]
[Round "4.3"]
[White "Wartenberg, Alissa"]
[Black "Haug, Mara"]
[Result "0-1"]
[WhiteElo "1562"]
[BlackElo "1379"]
[PlyCount "26"]
[EventDate "2020.12.29"]
[EventType "team-swiss (blitz)"]
[EventRounds "7"]
[EventCountry "GER"]
[SourceTitle "CBM 200 Extra"]
[Source "ChessBase"]
[SourceDate "2021.03.31"]
[SourceVersion "1"]
[SourceVersionDate "2021.03.31"]
[SourceQuality "1"]
[WhiteTeam "Hamburger SK"]
[BlackTeam "Karlsruhe"]
[WhiteTeamCountry "GER"]
[BlackTeamCountry "GER"]

1. e4 c5 2. Nf3 Nc6 3. d4 cxd4 4. Nxd4 g6 5. c4 Bg7 6. Be3 Nf6 7. Nc3 Ng4 8. Qxg4 Nxd4 9. Qd1 e5 10. f4 d6 11. Qd2 Qh4+ 12. g3 Qd8 13. Ne2 Nf3+ 0-1

[Event "GER-ch U12 Girls"]
[Site "Willingen"]
[Date "2020.10.28"]
[Round "3"]
[White "Haug, Mara"]
[Black "Braeutigam, Katerina"]
[Result "0-1"]
[WhiteElo "1366"]
[BlackElo "1744"]
[PlyCount "50"]
[EventDate "2020.10.26"]
[EventType "swiss"]
[EventRounds "7"]
[EventCountry "GER"]
[SourceTitle "CBM 199 Extra"]
[Source "ChessBase"]
[SourceDate "2021.01.31"]
[SourceVersion "1"]
[SourceVersionDate "2021.01.31"]
[SourceQuality "1"]

1. e4 e5 2. Nf3 Nc6 3. Bc4 Bc5 4. 0-0 Nf6 5. d4 Bxd4 6. Nxd4 Nxd4 7. f4 d6 8. fxe5 dxe5 9. Bg5 Qe7 10. c3 Ne6 11. Bxf6 gxf6 12. Na3 Rg8 13. Nc2 Qc5+ 14. Kh1 Qxc4 15. Qf3 Nf4 16. Ne3 Qe2 17. Qxe2 Nxe2 18. Nd5 Kf8 19. g3 c6 20. Ne3 Nxg3+ 21. hxg3 Rxg3 22. Nf5 Bxf5 23. Rxf5 Ke7 24. Raf1 Rag8 25. a4 Rh3# 0-1

[Event "GER Pfingstopen U16"]
[Site "Playchess.com INT"]
[Date "2020.06.05"]
[Round "11"]
[White "Zhou, Lepu Coco"]
[Black "Haug, Mara"]
[Result "1-0"]
[WhiteElo "1717"]
[BlackElo "1566"]
[PlyCount "57"]
[EventDate "2020.06.05"]
[EventType "swiss (blitz)"]
[EventRounds "11"]
[EventCountry "GER"]
[SourceTitle "CBM 197 Extra"]
[Source "ChessBase"]
[SourceDate "2020.09.30"]
[SourceVersion "1"]
[SourceVersionDate "2020.09.30"]
[SourceQuality "1"]

1. e4 c5 2. Nf3 Nc6 3. d4 cxd4 4. Nxd4 g6 5. c4 Bg7 6. Be3 Nf6 7. Nc3 d6 8. Be2 0-0 9. 0-0 Be6 10. f3 Qc7 11. Rc1 Na5 12. Nd5 Nxd5 13. cxd5 Qd7 14. dxe6 fxe6 15. Bb5 Qd8 16. Nxe6 Qb8 17. Nxf8 Kxf8 18. Qd5 b6 19. b4 Nb7 20. Bc6 e6 21. Qxe6 Bb2 22. Bxb7 Qxb7 23. Qxd6+ Kg8 24. Rc7 Qa6 25. Qe6+ Kh8 26. Qd5 Rf8 27. Bd4+ Bxd4+ 28. Qxd4+ Kg8 29. Qg7# 1-0